000
00289nam a2200121Ia 4500
008
191201s2019 xx 000 0 und d
100
_a
MADE EASY
245
0
_a
Gate 2020 Computer Science and IT
260
_b
Made easy
_c
2019
300
_a
850
650
_a
B.Tech(CSE)
942
_2
ddc
_c
BK
_0
2
999
_c
7072
_d
7072